LDR 01231nam a2200241 i 4500 001 000000231336 003 CaOOAMICUS 005 20140722000000.0 008 140722n it u000 u ita u 013 $a210239 040 $aSeMil$bita 100 1 $aRadice, Gianfranco,$d<1924-1993>.$0(OLS)http://semarc/name/3885 245 10$aPio 9. e il decreto Antonii Rosmini-Serbati opera omnia esse dimittenda :$balla luce delle nuove ricerche d'archivio /$cGianfranco Radice. 260 $aCittà del Vaticano :$b[s.n.],$c[197-?] 300 $a102 p. ;$c25 cm. 500 $aEstratto da : Pio 9. a. 2 (1973), pp. 3-102. 600 14$aRosmini Serbati, Antonio
.$0(OLS)http://semarc/subject/791 650 4$aPio IX
- Decreti . Antonii Rosmini Serbati - Commenti.$0(OLS)http://semarc/subject/32319 850 $aSeMil 852 $aSeMil$W1$xVenegono$y1$m3A IV 299$j181682$B181682$CSeMilBibl$Z2$F193059 $81 961 $aLascito: Rossi don Giuseppe 996 $6245$aPio 9. e il decreto Antonii Rosmini-Serbati opera omnia esse dimittenda :$balla luce delle nuove ricerche d'archivio$9(OLS)http://semarc/title/330392 996 $6260$aCittà del Vaticano :$b[s.n.]$9(OLS)http://semarc/publisher/29836